[Event "44th BAN-ch OMICON 2018"]
[Site "Dhaka"]
[Date "2018.11.27"]
[Round "4"]
[White "Reefat, Bin-Sattar"]
[Black "Mohammad, Javed"]
[Result "1-0"]
[WhiteElo "2437"]
[BlackElo "2135"]
[Annotator "TA"]
[PlyCount "97"]
[EventDate "2018.11.24"]
[EventType "swiss"]
[EventCountry "BAN"]
[SourceTitle "playchess.com"]
[Source "ChessBase"]
[SourceQuality "1"]

{[%evp 19,97,15,15,-22,-27,-26,-21,-27,-43,-40,-47,-44,-42,-56,-41,-64,-55,-68,-52,-47,-24,-81,-82,-81,-83,-77,-86,-76,-68,-67,-60,-60,-75,-56,-81,-98,18,-77,-47,-97,75,72,259,254,250,259,253,227,276,232,621,621,570,442,389,309,219,108,81,113,78,42,42,49,522,519,493,445,445,445,1100,1052,1193,1157,1154,1091,951,951,925,831]} 1. e4 e5 2. Nf3 Nc6 3. Bc4 Nf6 4. d3 Be7 5. O-O O-O 6. Re1 d6 7. a4 Na5 8. Ba2 {C55: Two Knights: 4 d3, 4 d4 exd4 5 e5 and Max Lange Attack} c5 9. Nbd2 {[%cal Bb1d2,Bd2f1,Bf1e3,Be3c4][%mdl 32]} (9. c3 Nc6 10. Na3 a6 11. Nc2 h6 12. Ne3 Re8 13. h3 Bf8 14. Nd5 Rb8 15. Be3 Be6 {½-½ (43) Van Foreest,J (2629)-Harikrishna,P (2744) Riadh 2017}) 9... Nc6 10. Nf1 Be6 {LiveBook: 4 Games} 11. Ne3 Bxa2 12. Rxa2 d5 $146 ({Predecessor:} 12... g6 13. Nc4 Nh5 14. Bh6 Ng7 15. c3 Re8 16. Bxg7 Kxg7 {0-1 (69) Perez Garcia,R (2355)-Corzo,A (2345) Isla Guitart 1994}) 13. exd5 Nxd5 14. Nc4 f6 15. Ra1 Qd7 16. c3 Rae8 17. Qb3 Kh8 18. Be3 b6 19. Rad1 Bd8 20. d4 (20. a5 $1 $11) 20... cxd4 $17 21. cxd4 e4 22. Nfd2 Bc7 23. Nb1 Ncb4 24. Nc3 Nd3 25. Rf1 Nxc3 26. bxc3 Qg4 27. d5 Be5 (27... Rd8 $17 28. Qb5 Bb8) 28. d6 (28. Nxe5 $11 Nxe5 29. a5) 28... Rd8 29. f3 Qh4 $2 (29... exf3 $17 {stays on course.} 30. Rxf3 Bxd6 31. Rxd3 Bxh2+ {[%mdl 64] Discovered Attack} 32. Kxh2 Rxd3) 30. Nxe5 $16 fxe5 $2 (30... Nxe5 $16 31. Qb4 f5) 31. Qd5 $18 Nb2 32. Rd2 {[%cal Bd1d2,Bd2f2,Bf2f8][%mdl 32]} Nxa4 {intending ...exf3.} 33. Qxe5 {Strongly threatening Bg5.} Nc5 34. Qe7 $40 {[%mdl 128] White has strong attack.} Qh5 $2 (34... Qf6 35. Bd4 (35. Qxa7 Nd7 $18) 35... Qf7 36. Bxc5 bxc5 37. Qxe4 Qf6) 35. fxe4 Rfe8 36. Rdf2 {[#] White threatens Rf8+ and mate.} h6 37. Rf8+ Kh7 38. Qxd8 (38. Rxe8 $18 {and the rest is easy.} Rxe8 39. Qc7 (39. Qxa7 Rxe4 40. Qxb6 Nd7 $18)) 38... Rxd8 $16 39. Rxd8 Ne6 40. Ra8 Qe2 41. Bf2 {[#] aiming for d7.} Qxe4 $2 {[%mdl 8192]} (41... Nf4 $1 $14 42. Re1 Qd2) 42. Re8 $18 {White is clearly winning.} Qd5 {( -> ...Nf4)} 43. Bg3 Nc5 44. Re7 Ne4 (44... Kg6 $142 45. h3 (45. Rxa7 Ne4 $16) 45... Nd3) 45. Be5 h5 46. h4 Nxd6 47. Rxg7+ Kh6 48. Rg5 {Intending Bg7+ and mate.} Qc5+ 49. Bd4 {Accuracy: White = 48%, Black = 42%.} 1-0

[Event "44th BAN-ch OMICON 2018"]
[Site "Dhaka"]
[Date "2018.11.27"]
[Round "4"]
[White "Mohammad Minhaz Uddin"]
[Black "Rahman, Ziaur"]
[Result "0-1"]
[WhiteElo "2290"]
[BlackElo "2468"]
[Annotator "TA"]
[PlyCount "68"]
[EventDate "2018.11.24"]
[EventType "swiss"]
[EventCountry "BAN"]
[SourceTitle "playchess.com"]
[Source "ChessBase"]
[SourceQuality "1"]

{[%evp 21,68,-5,9,-64,-42,-63,-72,-65,-62,-54,-62,-76,-67,-71,-72,-88,-73,-90,-71,-90,-68,-99,-104,-104,-112,-111,-89,-97,-102,-265,-266,-298,-223,-327,-232,-289,-300,-578,-305,-611,-611,-599,-599,-604,-599,-1342,-1359,-1072,-364]} 1. e4 c5 2. Nf3 d6 3. d4 cxd4 4. Nxd4 Nf6 5. Nc3 Nc6 6. Be2 e5 7. Nb3 Be7 8. O-O O-O 9. Kh1 a5 10. a4 Nb4 11. f4 Bd7 {LiveBook: 25 Games} 12. Nd5 $146 {B59: Classical Sicilian: 6 Be2 e5 7 Nb3} (12. Bf3 $11) ({Predecessor:} 12. Be3 Rc8 13. Bf3 Qc7 14. Rf2 b6 15. Rd2 Bc6 16. Qg1 Rb8 17. Qe1 Qb7 18. Bf2 Rfe8 19. fxe5 dxe5 {0-1 (52) Dzhumaev,M (2549)-Li,C (2686) Manila 2013}) 12... Nfxd5 $15 {[%mdl 64] Overworked Piece} 13. exd5 Bf5 $1 {[%cal Rf5c2]} 14. c3 {Black is better.} Bc2 15. Qd2 Bxb3 16. cxb4 axb4 17. Rf3 Rxa4 18. Rxa4 Bxa4 19. Qxb4 Bc2 20. Rc3 Bg6 21. Bg4 {[#]} f5 $1 {[%cal Rf5g4]} 22. Be2 Bf6 23. Qxb7 exf4 24. Rc2 Be5 {...f3! is the strong threat.} 25. Bf3 $2 (25. Qb4 $17 {keeps fighting.}) 25... Qh4 $19 {[%cal Rh4e1]} 26. Re2 Bh5 27. Qb3 (27. Bd2 {might work better.}) 27... Bxf3 $40 {[%mdl 128] White is in trouble.} 28. Qxf3 Ra8 29. Qf1 $2 (29. Rf2) 29... h6 30. Rc2 $2 {[#]} (30. Qe1 Qxe1+ 31. Rxe1) 30... f3 $1 {[%mdl 512] Black is clearly winning.} 31. gxf3 (31. Qxf3 Qxh2#) 31... Ra1 32. Qg1 Kh7 33. f4 Bxf4 34. Rc4 Rxc1 $2 {Accuracy: White = 26%, Black = 79%.} (34... g5 35. Rc7+ Kg6) 0-1

[Event "44th BAN-ch OMICON 2018"]
[Site "Dhaka"]
[Date "2018.11.27"]
[Round "4"]
[White "Islam, Kh. Aminul"]
[Black "Mehdi Hasan Parag"]
[Result "1/2-1/2"]
[WhiteElo "2253"]
[BlackElo "2218"]
[Annotator "NA"]
[PlyCount "127"]
[EventDate "2018.11.24"]
[EventType "swiss"]
[EventCountry "BAN"]
[SourceTitle "playchess.com"]
[Source "ChessBase"]
[SourceQuality "1"]
[TimeControl "40/5400+30:1800+30"]

{[%evp 28,126,-8,-6,0,0,0,0,17,9,16,8,32767,12,20,4,16,4,0,10,0,0,10,0,8,0,7,0,0,0,5,14,0,-15,0,0,0,-1,0,0,0,-11,0,0,0,-31,0,0,0,0,0,0,0,0,0,0,0,0,0,0,0,0,0,0,0,0,0,32767,32767,32767,0,32767,32767,32767,32767,32767,32767,32767,32767,32767,32767,32767,32767,32767,0,32767,0,0,32767,32767,32767,32767,0,0,0,32767,32767,32767,0,0,0]} 1. d4 {[%emt 0:00:00]} d5 {[%emt 0:00:00]} 2. Nf3 {[%emt 0:00:00]} Nf6 {[%emt 0:00:00]} 3. c4 {[%emt 0:00:00]} e6 {[%emt 0:00:02]} 4. Nc3 {[%emt 0:00:08]} Bb4 {[%emt 0:00:18]} 5. Bg5 {[%emt 0:00:18]} h6 {[%emt 0:00:23]} 6. Bxf6 {[%emt 0:00:05]} Qxf6 {[%emt 0:00:14]} 7. e3 {[%emt 0:00:09]} O-O {[%emt 0:00:26]} 8. Rc1 {[%emt 0:00:06]} Nc6 {[%emt 0:01:43]} 9. Qd3 {[%emt 0:00:09] D38: Queen's Gambit Declined: Ragozin Defence (4 Nf3 Bb4)} (9. cxd5 exd5 10. Bd3 Ne7 11. a3 Bxc3+ 12. bxc3 c5 13. dxc5 Bg4 14. Be2 Rfc8 15. Qd4 Bxf3 16. gxf3 b6 17. Qxf6 gxf6 18. cxb6 axb6 {½-½ (59) Giri,A (2780)-Harikrishna,P (2743) Batumi 2018}) 9... Rd8 {[%emt 0:01:51]} 10. a3 {[%emt 0:00:07]} Bf8 {[%emt 0:01:02]} 11. cxd5 $146 {[%emt 0:02:03]} ({Predecessor:} 11. Be2 a6 12. O-O Na5 13. cxd5 exd5 14. b4 Nc6 15. Na4 Bd6 16. Qc3 g5 {1-0 (30) Yilmaz,M (2630)-Plat,V (2522) Minsk 2017}) 11... exd5 {[%emt 0:00:03]} 12. Be2 {[%emt 0:00:11]} a6 {[%emt 0:00:58]} 13. O-O {[%emt 0:00:53]} Bf5 {[%emt 0:04:00]} 14. Qd1 {[%emt 0:00:38]} Rab8 {[%emt 0:03:33]} 15. Na4 {[%emt 0:01:37]} Bd6 {[%emt 0:03:31]} 16. Nc5 {[%emt 0:02:49]} Ne7 {[%emt 0:07:56]} 17. b4 {[%emt 0:16:07]} g5 {[%emt 0:01:00]} 18. Nd2 {[%emt 0:01:47]} Bg6 {[%emt 0:07:08]} 19. Bh5 {[%emt 0:02:54]} c6 {[%emt 0:05:26]} 20. Re1 {[%emt 0:04:35]} Bc7 {[%emt 0:05:22]} 21. Nf1 {[%emt 0:00:32]} Nf5 {[%emt 0:04:45]} 22. Ng3 {[%emt 0:01:44]} Bxg3 {[%emt 0:02:44]} 23. hxg3 {[%emt 0:00:24]} Nd6 {[%emt 0:01:10]} 24. a4 {[%emt 0:03:46]} Ra8 {[%emt 0:03:19]} 25. a5 {[%emt 0:00:40]} Rac8 {[%emt 0:01:18]} 26. Qf3 {[%emt 0:03:49]} Qxf3 {[%emt 0:04:19]} 27. Bxf3 {[%emt 0:00:09]} Rc7 {[%emt 0:00:24]} 28. g4 {[%emt 0:01:00]} Re7 {[%emt 0:00:33]} 29. Bd1 {[%emt 0:03:15]} Rde8 {[%emt 0:02:34]} 30. Bc2 {[%emt 0:06:51]} Kg7 {[%emt 0:00:53]} 31. Bxg6 {[%emt 0:04:33]} Kxg6 {[%emt 0:01:25]} 32. Re2 {[%emt 0:00:40]} Nb5 {[%emt 0:02:33]} 33. Rd2 {[%emt 0:01:36]} Nd6 {[%emt 0:07:09]} 34. Re2 {[%emt 0:01:37]} h5 {[%emt 0:01:46]} 35. gxh5+ {[%emt 0:00:14]} Kxh5 {[%emt 0:00:04]} 36. Rce1 {[%emt 0:08:19]} Nf5 {[%emt 0:02:03]} 37. Rd2 {[%emt 0:01:24]} Kg6 {[%emt 0:01:12]} 38. g3 {[%emt 0:01:27]} f6 {[%emt 0:00:45]} 39. Kg2 {[%emt 0:00:34]} Rh8 {[%emt 0:05:02]} 40. Rdd1 {[%emt 0:00:00]} Nd6 {[%emt 0:00:00]} 41. Rh1 {[%emt 0:01:38]} Reh7 {[%emt 0:05:27]} 42. Rxh7 {[%emt 0:02:19]} Rxh7 {[%emt 0:00:30]} 43. Rh1 {[%emt 0:00:36]} Rxh1 {[%emt 0:00:30]} 44. Kxh1 {[%emt 0:00:30]} Ne4 {[%emt 0:07:08]} 45. Nxb7 {[%emt 0:33:31]} Nxf2+ {[%emt 0:00:30]} 46. Kg2 {[%emt 0:00:30]} Nd3 {[%emt 0:01:03]} 47. Kf3 {[%emt 0:02:04]} Nxb4 {[%emt 0:05:29]} 48. Nc5 {[%emt 0:00:48]} Kh5 {[%emt 0:02:41]} 49. Nd7 {[%emt 0:15:39]} Kg6 {[%emt 0:17:02]} 50. Nf8+ {[%emt 0:04:28]} Kf7 {[%emt 0:01:33]} 51. Nd7 {[%emt 0:00:30]} Kg6 {[%emt 0:01:25]} 52. Nf8+ {[%emt 0:01:16]} Kf7 {[%emt 0:01:37]} 53. Nd7 {[%emt 0:00:30]} Ke6 {[%emt 0:00:47]} 54. Nc5+ {[%emt 0:00:35]} Kf5 {[%emt 0:00:30]} 55. Nd7 $1 {[%emt 0:01:01]} Nd3 {[%emt 0:00:46]} 56. Nb8 {[%emt 0:00:43]} Nb4 {[%emt 0:01:24]} 57. Nd7 {[%emt 0:00:30]} Nd3 {[%emt 0:04:31]} 58. Nb8 {[%emt 0:00:30]} Nb4 {[%emt 0:01:06]} 59. Nd7 {[%emt 0:00:30]} Ke6 {[%emt 0:00:54]} 60. Nc5+ {[%emt 0:00:30]} Kf5 {[%emt 0:00:55]} 61. Nd7 {[%emt 0:00:32]} Kg6 {[%emt 0:00:48]} 62. Nc5 {[%emt 0:00:30]} Kh5 {[%emt 0:01:22]} 63. Nd7 {[%emt 0:00:30]} Kg6 $11 {[%emt 0:00:30]} 64. Nc5 {[%emt 0:04:40] f5Ke2 [%clk 0:00:00] Kh5Kd2 [%clk 0:00:00] Kg4 [%clk 0:00:00] Kc3 [%clk 0:00:00]} 1/2-1/2

[Event "44th BAN-ch OMICON 2018"]
[Site "Dhaka"]
[Date "2018.11.27"]
[Round "4"]
[White "Abu Sufian, Shakil"]
[Black "Zia, Tahsin Tajwar"]
[Result "1/2-1/2"]
[WhiteElo "2230"]
[BlackElo "1803"]
[Annotator "NA"]
[PlyCount "51"]
[EventDate "2018.11.24"]
[EventType "swiss"]
[EventCountry "BAN"]
[SourceTitle "playchess.com"]
[Source "ChessBase"]
[SourceQuality "1"]
[TimeControl "40/5400+30:1800+30"]

{[%evp 23,51,60,68,44,60,52,56,50,71,13,32767,0,0,-10,5,12,37,22,22,33,25,22,22,0,0,0,-7,0,0,0]} 1. e4 {[%emt 0:00:00]} c5 {[%emt 0:00:00]} 2. Nf3 {[%emt 0:00:00]} d6 {[%emt 0:00:03]} 3. d4 {[%emt 0:00:00]} cxd4 {[%emt 0:00:06]} 4. Qxd4 {[%emt 0:00:00]} Nf6 {[%emt 0:00:19]} 5. Bg5 {[%emt 0:00:51]} a6 {[%emt 0:00:20] B53: Sicilian: 2...d6: Lines with Qxd4} (5... e6 6. Bb5+ Bd7 7. Bxf6 Qxf6 8. Qxf6 gxf6 9. Bxd7+ Nxd7 10. Nc3 Rc8 11. O-O-O Ne5 12. Nxe5 fxe5 13. Nb5 {½-½ (37) Xiong,J (2652)-Vachier Lagrave,M (2795) chess.com INT 2017}) 6. c4 {[%emt 0:02:54]} Nc6 {[%emt 0:00:36]} 7. Qd3 {[%emt 0:01:26]} h6 $146 {[%emt 0:01:49]} ({Predecessor:} 7... e6 8. Nc3 Be7 9. Be2 h6 10. Bh4 O-O 11. a3 Nd7 12. Bxe7 Qxe7 13. Rd1 Nde5 14. Nxe5 dxe5 {1-0 (38) De Carvalho,A (1987)-Dos Santos,W (2133) Arapiraca 2016}) 8. Bxf6 {[%emt 0:01:00]} gxf6 {[%emt 0:00:20]} 9. Nc3 {[%emt 0:00:24]} e6 {[%emt 0:01:56]} 10. Be2 {[%emt 0:02:34]} Bd7 {[%emt 0:00:22]} 11. O-O {[%emt 0:01:37]} Be7 {[%emt 0:00:25]} 12. Rad1 {[%emt 0:01:56]} Qc7 {[%emt 0:01:49]} 13. b3 {[%emt 0:01:12]} Rc8 {[%emt 0:02:25]} 14. Rc1 {[%emt 0:15:51]} Qa5 {[%emt 0:01:36]} 15. Nd4 {[%emt 0:01:46]} Rg8 {[%emt 0:03:53]} 16. Rfe1 {[%emt 0:16:28]} Qg5 {[%emt 0:05:04]} 17. Bf1 {[%emt 0:02:26]} Ne5 {[%emt 0:03:10]} 18. Qd1 {[%emt 0:08:02]} Qh4 {[%emt 0:14:17]} 19. g3 {[%emt 0:01:29]} Qg4 {[%emt 0:02:14]} 20. Qxg4 {[%emt 0:04:16]} Rxg4 {[%emt 0:03:15]} 21. f4 {[%emt 0:01:25]} Nc6 {[%emt 0:02:59]} 22. Nxc6 {[%emt 0:04:14]} Bxc6 {[%emt 0:00:53]} 23. Bh3 {[%emt 0:01:56]} Rg8 {[%emt 0:00:43]} 24. f5 {[%emt 0:02:03]} Bd7 $1 {[%emt 0:04:21]} 25. Ne2 {[%emt 0:10:04]} Bd8 {[%emt 0:02:44]} 26. Nf4 $11 {[%emt 0:00:13]} 1/2-1/2

[Event "44th BAN-ch OMICON 2018"]
[Site "Dhaka"]
[Date "2018.11.27"]
[Round "4"]
[White "Anata, Choudhury"]
[Black "Mohammad Fahad, Rahman"]
[Result "1-0"]
[WhiteElo "2141"]
[BlackElo "2381"]
[Annotator "ChessBase"]
[PlyCount "105"]
[EventDate "2018.11.24"]
[EventType "swiss"]
[EventCountry "BAN"]
[SourceTitle "playchess.com"]
[Source "ChessBase"]
[SourceQuality "1"]
[TimeControl "40/5400+30:1800+30"]

1. e4 {[%emt 0:00:00]} e5 {[%emt 0:00:00]} 2. Nf3 {[%emt 0:00:00]} Nc6 {[%emt 0:00:00]} 3. Bb5 {[%emt 0:00:00]} a6 {[%emt 0:00:04]} 4. Ba4 {[%emt 0:00:07]} Nf6 {[%emt 0:00:22]} 5. O-O {[%emt 0:00:12]} b5 {[%emt 0:00:22]} 6. Bb3 {[%emt 0:00:15]} Bb7 {[%emt 0:00:19]} 7. d3 {[%emt 0:00:24]} Be7 {[%emt 0:00:21]} 8. a4 {[%emt 0:00:47]} O-O {[%emt 0:00:36]} 9. Re1 {[%emt 0:00:28]} Re8 {[%emt 0:13:08]} 10. Nc3 {[%emt 0:06:15]} b4 {[%emt 0:01:31]} 11. Nd5 {[%emt 0:00:26]} Nxd5 {[%emt 0:00:24]} 12. Bxd5 {[%emt 0:00:14]} Bf6 {[%emt 0:03:47]} 13. c3 {[%emt 0:10:35]} Qe7 {[%emt 0:07:25]} 14. d4 {[%emt 0:16:42]} Rab8 {[%emt 0:03:25]} 15. Be3 {[%emt 0:06:50]} d6 {[%emt 0:13:32]} 16. Qd2 {[%emt 0:09:50]} Na5 {[%emt 0:08:50]} 17. dxe5 {[%emt 0:08:39]} dxe5 {[%emt 0:05:36]} 18. cxb4 {[%emt 0:02:05]} Bxd5 {[%emt 0:02:06]} 19. Qxd5 {[%emt 0:00:54]} Nb7 {[%emt 0:00:07]} 20. Bd2 {[%emt 0:08:08]} Red8 {[%emt 0:00:25]} 21. Qc4 {[%emt 0:00:11]} Rd6 {[%emt 0:04:53]} 22. Bc3 {[%emt 0:01:50]} h6 {[%emt 0:03:43]} 23. Red1 {[%emt 0:04:57]} Qd7 {[%emt 0:05:19]} 24. Rxd6 {[%emt 0:01:06]} Qxd6 {[%emt 0:00:28]} 25. b5 {[%emt 0:01:15]} axb5 {[%emt 0:00:56]} 26. Qxb5 {[%emt 0:00:14]} c6 {[%emt 0:00:15]} 27. Qe2 {[%emt 0:00:49]} Nc5 {[%emt 0:01:39]} 28. Nd2 {[%emt 0:07:04]} Ne6 {[%emt 0:02:39]} 29. Nc4 {[%emt 0:01:46]} Qc5 {[%emt 0:01:10]} 30. g3 {[%emt 0:00:46]} Nd4 {[%emt 0:00:30]} 31. Bxd4 {[%emt 0:01:14]} exd4 {[%emt 0:00:14]} 32. e5 {[%emt 0:04:16]} Be7 {[%emt 0:08:43]} 33. Qd3 {[%emt 0:00:59]} Qd5 {[%emt 0:00:46]} 34. a5 {[%emt 0:01:07]} Bc5 {[%emt 0:00:05]} 35. a6 {[%emt 0:00:49]} Ba7 {[%emt 0:00:05]} 36. Ra5 {[%emt 0:01:49]} Qd8 {[%emt 0:02:01]} 37. Ra4 {[%emt 0:02:38]} Qd5 {[%emt 0:01:24]} 38. Ra3 {[%emt 0:01:21]} Qb5 {[%emt 0:01:11]} 39. b3 {[%emt 0:01:15]} Qb4 {[%emt 0:00:50]} 40. Kg2 {[%emt 0:00:00]} Qc3 {[%emt 0:00:00]} 41. Qe4 {[%emt 0:25:15]} Rd8 {[%emt 0:23:59]} 42. e6 {[%emt 0:02:03]} Qb4 {[%emt 0:03:33]} 43. exf7+ {[%emt 0:01:03]} Kxf7 {[%emt 0:00:07]} 44. Ne5+ {[%emt 0:01:33]} Kg8 {[%emt 0:00:06]} 45. Nxc6 {[%emt 0:01:15]} Qxa3 {[%emt 0:00:07]} 46. Qe6+ {[%emt 0:00:07]} Kh8 {[%emt 0:00:36]} 47. Nxd8 {[%emt 0:00:07]} d3 {[%emt 0:00:06]} 48. Qe8+ {[%emt 0:00:13]} Kh7 {[%emt 0:00:12]} 49. Qe4+ {[%emt 0:00:09]} Kh8 {[%emt 0:00:13]} 50. Qxd3 {[%emt 0:00:27]} Qf8 {[%emt 0:00:11]} 51. f3 {[%emt 0:02:31]} Bb6 {[%emt 0:00:08]} 52. Ne6 {[%emt 0:00:20]} Qf6 {[%emt 0:00:09]} 53. Nf4 {[%emt 0:00:28]} 1-0

[Event "44th BAN-ch OMICON 2018"]
[Site "Dhaka"]
[Date "2018.11.27"]
[Round "4"]
[White "Subrota, Biswas"]
[Black "Chatterjee, Debaraj"]
[Result "1/2-1/2"]
[WhiteElo "2126"]
[BlackElo "2277"]
[Annotator "ChessBase"]
[PlyCount "47"]
[EventDate "2018.11.24"]
[EventType "swiss"]
[EventCountry "BAN"]
[SourceTitle "playchess.com"]
[Source "ChessBase"]
[SourceQuality "1"]
[TimeControl "40/5400+30:1800+30"]

1. e4 {[%emt 0:00:00]} c5 {[%emt 0:01:16]} 2. Nf3 {[%emt 0:00:37]} d6 {[%emt 0:00:12]} 3. d4 {[%emt 0:00:24]} cxd4 {[%emt 0:00:08]} 4. Nxd4 {[%emt 0:00:05]} Nf6 {[%emt 0:00:09]} 5. f3 {[%emt 0:00:40]} e5 {[%emt 0:00:23]} 6. Nb3 {[%emt 0:00:02]} Be7 {[%emt 0:03:45]} 7. c4 {[%emt 0:00:50]} a5 {[%emt 0:01:53]} 8. a4 {[%emt 0:01:16]} Qb6 {[%emt 0:07:22]} 9. Qd3 {[%emt 0:04:13]} Nc6 {[%emt 0:14:06]} 10. Be3 {[%emt 0:01:40]} Qd8 {[%emt 0:07:23]} 11. Nc3 {[%emt 0:00:51]} Nb4 {[%emt 0:00:46]} 12. Qd2 {[%emt 0:01:24]} Be6 {[%emt 0:02:11]} 13. Nc1 {[%emt 0:13:08]} Rc8 {[%emt 0:05:33]} 14. b3 {[%emt 0:02:01]} Nd7 {[%emt 0:03:57]} 15. Nd3 {[%emt 0:00:59]} Nc5 {[%emt 0:14:35]} 16. Nxc5 {[%emt 0:00:46]} dxc5 {[%emt 0:00:04]} 17. Rd1 {[%emt 0:05:45]} Nc6 {[%emt 0:07:05]} 18. Nd5 {[%emt 0:02:50]} O-O {[%emt 0:02:32]} 19. Bd3 {[%emt 0:01:23]} b6 {[%emt 0:02:52]} 20. O-O {[%emt 0:01:44]} Nd4 {[%emt 0:02:15]} 21. Rb1 {[%emt 0:19:33]} Bd6 {[%emt 0:04:31]} 22. f4 {[%emt 0:01:34]} exf4 {[%emt 0:08:32]} 23. Bxf4 {[%emt 0:00:35]} f6 {[%emt 0:01:59]} 24. Qf2 {[%emt 0:03:27]} 1/2-1/2

[Event "44th BAN-ch OMICON 2018"]
[Site "Dhaka"]
[Date "2018.11.27"]
[Round "4"]
[White "Ahmed, Sk. Nasir"]
[Black "Hossain, Showkat Pollab"]
[Result "0-1"]
[WhiteElo "2119"]
[BlackElo "2119"]
[Annotator "NA"]
[PlyCount "100"]
[EventDate "2018.11.24"]
[EventType "swiss"]
[EventCountry "BAN"]
[SourceTitle "playchess.com"]
[Source "ChessBase"]
[SourceQuality "1"]
[TimeControl "40/5400+30:1800+30"]

{[%evp 8,98,69,64,78,58,50,58,68,34,68,48,59,46,50,30,64,32767,32767,32767,28,27,64,0,64,52,99,93,98,121,101,99,129,75,118,59,150,123,115,64,47,-29,-18,-189,-203,-198,-214,-206,-109,-120,-122,-119,-116,32767,32767,-162,-165,-221,-179,-179,32767,32767,32767,32767,-391,-451,32767,32767,32767,32767,-708,-679,-715,-704,-966,32767,32767,32767,32767,-1168,32767,32767,32767,32767,32767,32767,-29987,-29987,-29988,-29989,-29990,-29973,-29991]} 1. e4 {[%emt 0:00:00]} d5 {[%emt 0:19:54]} 2. exd5 {[%emt 0:00:00]} Qxd5 {[%emt 0:00:08]} 3. Nf3 {[%emt 0:01:15]} Nf6 {[%emt 0:02:20]} 4. d4 {[%emt 0:00:23]} c6 {[%emt 0:01:02]} 5. c4 {[%emt 0:03:50] B01: Scandinavian Defence} (5. Be2 Bg4 6. h3 Bxf3 7. Bxf3 Qa5+ 8. c3 e6 9. Bf4 Qa6 10. Qb3 Nbd7 11. Nd2 Nd5 12. Bg3 Be7 13. Nc4 {1-0 (48) Giri,A (2752)-Kramnik,V (2783) Flor & Fjaere 2014}) 5... Qd6 {[%emt 0:04:59]} 6. h3 {[%emt 0:04:48]} Bf5 {[%emt 0:00:36]} 7. Nc3 {[%emt 0:00:30]} Nbd7 {[%emt 0:01:31]} 8. Be3 {[%emt 0:04:41]} e6 {[%emt 0:02:50]} 9. Nh4 $146 {[%emt 0:03:17]} ({Predecessor:} 9. Be2 h6 10. Qd2 Qc7 11. Bd3 Bxd3 12. Qxd3 {0-1 (45) Chavez,B (1730)-Duque,M (2017) Cali 2017}) 9... Bg6 {[%emt 0:00:45]} 10. Nxg6 {[%emt 0:00:15]} hxg6 {[%emt 0:00:03]} 11. Qd2 {[%emt 0:01:20]} O-O-O {[%emt 0:03:23]} 12. O-O-O {[%emt 0:07:41]} Qc7 {[%emt 0:02:56]} 13. Kb1 {[%emt 0:04:18]} Bb4 {[%emt 0:01:07]} 14. Qc2 {[%emt 0:00:59]} e5 {[%emt 0:06:35]} 15. dxe5 {[%emt 0:09:22]} Nxe5 {[%emt 0:00:49]} (15... Qxe5 $11 16. Bd4 Qa5) 16. Be2 {[%emt 0:00:36]} Qa5 {[%emt 0:08:03]} 17. Na4 {[%emt 0:08:05]} Be7 {[%emt 0:04:37]} 18. a3 {[%emt 0:05:23]} c5 {[%emt 0:06:01]} 19. Nc3 {[%emt 0:04:54]} Nc6 {[%emt 0:02:17]} 20. Nd5 {[%emt 0:12:35]} Bd6 {[%emt 0:00:35]} 21. Rd3 {[%emt 0:02:45]} Kb8 {[%emt 0:02:13]} (21... Be5 $1 $14) 22. Rhd1 {[%emt 0:02:11]} Be5 {[%emt 0:01:26]} 23. f4 {[%emt 0:08:57]} ({White should try} 23. Bf3 $16) 23... Bd4 {[%emt 0:02:28]} 24. b4 {[%emt 0:00:40]} (24. Bd2 $14 Qa6 25. Bf3) 24... Nxb4 $1 {[%emt 0:03:16]} 25. Bd2 $2 {[%emt 0:12:39]} (25. Nxb4 $11 Bxe3 26. Nc6+ bxc6 27. Rxe3) 25... Nfxd5 {[%emt 0:01:45]} ({But not} 25... Nxc2 26. Bxa5 Nxd5 27. Bxd8 $17) 26. cxd5 {[%emt 0:00:07]} Nxc2 {[%emt 0:04:13]} 27. Bxa5 {[%emt 0:00:02] [#]} Ne3 {[%emt 0:00:34]} (27... Rde8 $1 $19 {[%cal Re8e2]} 28. Bf3 Ne3 29. Rxd4 cxd4 30. Rxd4 Nf5) 28. Rxe3 {[%emt 0:01:51]} Bxe3 {[%emt 0:00:16]} 29. Bxd8 {[%emt 0:00:02]} Rxd8 {[%emt 0:00:09]} 30. g3 {[%emt 0:00:26]} Kc7 {[%emt 0:02:02]} 31. Bc4 {[%emt 0:00:40]} Kd6 {[%emt 0:00:16]} 32. Rf1 {[%emt 0:00:27] [#]} (32. Kc2 $17 {keeps fighting.}) 32... b5 $1 {[%emt 0:00:12]} 33. Rf3 {[%emt 0:00:28]} bxc4 {[%emt 0:00:59]} 34. Rxe3 {[%emt 0:00:01]} Rb8+ {[%emt 0:00:01]} 35. Ka2 {[%emt 0:01:21]} Rb3 {[%emt 0:00:19]} 36. Re8 {[%emt 0:00:01]} Kxd5 {[%emt 0:02:34]} 37. Rd8+ {[%emt 0:00:38]} Ke4 {[%emt 0:00:36]} 38. Rc8 {[%emt 0:00:01]} Rb7 {[%emt 0:01:53]} 39. Rxc5 {[%emt 0:00:12]} Kd4 {[%emt 0:00:59]} 40. Rc8 {[%emt 0:00:00]} c3 {[%emt 0:00:00]} 41. a4 {[%emt 0:03:03]} Rb4 {[%emt 0:04:26]} 42. Ka3 {[%emt 0:01:05]} a5 {[%emt 0:01:09]} 43. Rd8+ {[%emt 0:01:10]} Ke3 {[%emt 0:00:23]} 44. Rc8 {[%emt 0:00:10]} Kd3 {[%emt 0:00:16]} 45. Rd8+ {[%emt 0:00:02]} Rd4 {[%emt 0:00:29]} 46. Rc8 {[%emt 0:00:02]} c2 {[%emt 0:01:29]} 47. Kb2 {[%emt 0:00:05]} Rb4+ {[%emt 0:00:36]} 48. Ka2 {[%emt 0:00:04]} Rxa4+ {[%emt 0:01:27]} 49. Kb2 {[%emt 0:00:03]} Rb4+ {[%emt 0:00:09]} 50. Ka2 {[%emt 0:00:02]} Rb1 {[%emt 0:00:43]} 0-1